000
00306nam a2200097Ia 4500
008
220204s9999 xx 000 0 und d
082
_a
37(035)
_b
PET
245
0
_a
Peterson's annual guides to graduate study. 1981. Book 3. Graduate health sciences
260
_a
New Jersey
_b
Petersons guides
_c
1981
942
_c
BK
999
_c
36485
_d
36485